000 00610nam a2200241Ia 4500
003 OSt
005 20220924153438.0
006 a|||||r|||| 00| 0
007 ta
008 220923b |||||||| |||| 00| 0 tam d
024 _a350264
037 _cTextual
040 _aARTS
_cARTS
_btam
041 _2tam
_atam
082 _aO31,1KKh,1:g, N4
100 _aNazeemdeen Au.
_9228857
245 0 _aKanakapiseka malai
260 _c1994
650 _a TAMIL POETRY
650 _aTAMIL LITERATURE
942 _hO31,1KKh,1:g, N4
_cTEXL
_2CC
999 _c473649
_d473649